000 00404nam a2200157Ia 4500
003 GCL
008 140319s9999 xx 000 0 eng d
040 _aGCL /
_cGCL
082 0 4 _a152
_bS P
100 1 _aSCHWARTZ, MARVIN
245 1 0 _aPSYSIOLOGICAL PSYCHOLOGY /
_cSCHWARTZ, MARVIN
260 _a[S.N] :
_bPRINTICE_HALLINC ،
_c1978
300 _a551 P
650 0 4 _aPSYCHOPHYSIOLOGY
942 _2ddc
_cBK
999 _c14863
_d14863